000
00210nam a2200097Ia 4500
005
20251222114340.0
008
251222s1900||||xx |||||||||||||| ||spa||
082
_a
DVD0080/P48/1964
245
0
_a
Becket:
942
_c
DVD
999
_c
821
_d
821